000 00810nab a2200241 u 4500
001 10366
003 HDC
007 cr bn ---aaaaa
008 210104c mydr|noo 0 a may d
040 _aHDC
100 _aT K Letchumy Tamboo
_eauthor
_910602
245 0 _aBebola daging Ikea Malaysia selamat dimakan /
_bby T K Letchumy Tamboo
260 _a[No place] :
_bAstro Awani,
_c[No year]
336 _atext
_2rdacontent
337 _acomputer
_2rdamedia
338 _aonline resource
_2rdacarrier
650 _aHalal industry
_9144
650 _aHalal product
_948
856 _zRequest full-text at [email protected]
942 _2lcc
942 _cNEWS
942 _kNWSO 000481
999 _c7689
_d7689